Animaux de disney - Statistiques

Statistiques générales
  • Ce quiz a été pris 342 fois
  • Le résultat moyen est 6 sur 10
Answers on the Grid
Answers color-coded by a green-red scale on the quiz's grid according to % correct below.
Polochon
Crocmou
GusGus
Hei Hei
Pua
Spirit
Coco Lapin
Milou
Buddy
Mushu
Pascal
Jaq
Panpan
Garfield
Bill
Azraël
Lucifer
Geo
 
Statistiques - réponses
Réponse % Correct
Polochon
93%
Panpan
75%
GusGus
68%
Hei Hei
68%
Mushu
63%
Pascal
62%
Lucifer
51%
Pua
51%
Coco Lapin
47%
Jaq
39%
Aucun quiz correspondant
Distribution des résultats
% des personnes avec chaque résultat
Percentile par nombre de réponses
Votre historique - résultats
Vous n’avez pas pris ce quiz